000
00282nam a2200121Ia 4500
008
191201s2019 xx 000 0 und d
100
_a
HAYKIN, Simon
245
0
_a
Adaptive Filter Theory
260
_a
N. delhi
_b
Pearson
300
_a
920
650
_a
M.Tech (ECE)
942
_2
ddc
_c
BK
999
_c
6685
_d
6685